00169nam a22000737a 4500082001300000100001900013245002300032260004000055 a297aoka aBERNARD O'KANE atreasures of islam aunited kingdombduncan baird c2007